000 00909nam a22002057a 4500
005 20250930113228.0
010 _a B-769009-9027 BACEN25
020 _a9789392594939
_c1500.00
035 _aB-769009-9027
037 _bAakar
037 _bDBAD
082 _a025.4
100 _aNasirudheen T.
_985293
245 _aConspectus of Library & Information Science Competitive Examinations/
_cBy Nasirudheen T.
260 _aNew Delhi
_bEss Ess Publications
_c2024
270 _a4831/24, Ansari Road, Darya Ganj,
_bNew Delhi
_e110002
_k23260807, 41563444
_minfo@essessreference.com
300 _a434p.
_c22cm (hbk)
_bIndex
942 _2ddc
_cEN
_h025.4
_mNAS
999 _c209596
_d209596